01018cam a2200301 i 4500999001500000001000700015003000400022005001700026008004100043010001700084020002400101040001800125043001200143050001700155082001700172100002100189245006800210260004700278300002000325490002400345504002500369610007500394650004500469740002300514906004500537942001200582952012200594 c3711d3711830996OSt20181121112054.0770705s1977 mou b 000 0 eng  a 77010155  a0570076803 :c$1.25 aDLCcDLCdDLC an-us---00aBX8645b.K2800a230.93bK13H1 aKaiser, Edgar P.10aHow to respond to ... the Latter Day Saints /cEdgar P. Kaiser. aSt. Louis :bConcordia Pub. House,cc1977. a40 p. ;c23 cm.0 aThe Response series aBibliography: p. 40.20aChurch of Jesus Christ of Latter-Day SaintsxControversial literature. 0aMormon ChurchxControversial literature. aLatter-Day Saints. a7bcbccorignewd1eocipf19gy-gencatlg 2ddccBK 00102ddc40708NFICaHMCbHMCcGENd2018-11-21g320.00l0o230.93 K13Hp004285r2018-11-21 00:00:00w2018-11-21yBK